00920nam a22002417a 4500001001000000003000500010005001700015008004100032010001000073011001000083035001100093040000900104100004800113245015900161260004100320300003600361502010700397530003600504650003200540650002600572856006400598856001600662000098983CHAP20220329143344.0081202s2008 mx a r 00010 spa d a95448 a96420 a107073 cCHAP00aCienfuegos Velasco, María de los Angeles.10aEducación en valores en la enseñanza media superior [Universidad Autónoma del Estado de México] /c/por María de los Angeles Cienfuegos Velasco. aChapingo, Méx. :bEl autor,c2008. axi, 270 h. :bcuadros, gráfs. aTesis (Dr. en Ciencias en Educación Agrícola Superior) -- UACH. Departamento de Sociología Rural aTambién disponible en línea04aEducación media superior.04aValores (filosofía) 3Finding aiduhttp://10.13.5.2/tesis/107073.pdfzTeclea aqui a1 n0001617